Focus sur: Pandora Lovegood - Harry Potter - Statistiques

Statistiques générales
  • Ce quiz a été pris 142 fois
  • Le résultat moyen est 4 sur 5
Statistiques - réponses
Informations recherchées Réponses % Correct
Fille Luna Lovegood
97%
Couleur des cheveux Blond
95%
Époux Xenophilius Lovegood
92%
Première mention Harry Potter et l'Ordre du Phénix
78%
Profession Créatrice de sorts
23%
Aucun quiz correspondant
Distribution des résultats
% des personnes avec chaque résultat
Percentile par nombre de réponses
Votre historique - résultats
Vous n’avez pas pris ce quiz